000 01105nam a22003377a 4500
003 CHAP
005 20220329140246.0
008 971013s1977 r 00010 d
010 _a49345
011 _a50317
035 _a54467
040 _cCHAP
090 _aFolleto 4159
100 0 0 _aVielle, Jean P.
_9119288
245 _aEducación no formal, capacitación e innovación en el medio rural
260 _aMéxico, D.F. :
_bUniversidad Nacional Autónoma de México. Centro de Estudios sobre la Universidad,
_c1977
300 _a18 p.
490 _aDeslinde
_v; 93
590 _aBATCH-UPD
_b10
_c20130110
_lUCH01
_h0606
590 _aBATCH-UPD
_b10
_c20130110
_lUCH01
_h2325
590 _aBATCH-UPD
_b10
_c20130410
_lUCH01
_h0248
590 _aBATCH-UPD
_b10
_c20130914
_lUCH01
_h1155
590 _aCONVERSION
_b10
_c20130109
_lUCH01
_h1327
650 1 4 _aDesarrollo rural.
_932067
650 1 4 _aEducación rural.
_935586
650 1 4 _aSociología rural.
_9108215
830 0 _aDeslinde
_v; 93
_932155
901 _aBK
942 _cFOLL
949 _aFolleto 4159
_bBC
_cFOLL
_d-120162
_eTS1
_i54467
_mD
_si
999 _c49345
_d49345